| 000 -ლიდერი |
| ფიქსირებული სიგრძის საკონტროლო ველი |
01296nam a2200241Ia 4500 |
| 001 - საკონტროლო ნომერი |
| საკონტროლო ველი |
5823 |
| 003 - საკონტროლო ნომრის იდენტიფიკატორი |
| საკონტროლო ველი |
GE_BSU |
| 005 - ბოლო ოპერაციის თარიღი და დრო |
| საკონტროლო ველი |
20190619215142.0 |
| 008 - ფიქსირებული სიგრძის მონაცემთა ელემენტები - ზოგადი ინფორმაცია |
| ფიქსირებული სიგრძის საკონტროლო ველი |
181216s1982||||ge |||||||||||||| ||geo|| |
| 040 ## - კატალოგიზაციის წყარო |
| Transcribing agency |
GE_BSU |
| 041 ## - ენის კოდი |
| Language code of text/sound track or separate title |
geo |
| 080 ## - უნივერსალური ათობითი კლასიფიკაციის ინდექსი |
| Universal Decimal Classification number |
004.3 + 681 ლ-13 |
| 245 ## - ცნობა სათაურის შესახებ |
| Title |
ლაბორატორიული პრაქტიკუმი კურსში "გამოთვლითი ტექნიკა საინჟინრო და ეკონომიკურ გაანგარიშებებში" / |
| Statement of responsibility, etc |
შემდგ.მ. გოთოშია, ი. ვერულავა, გ. გირგვლიანი და სხვ. ; რედ. მ. ძიძიგური |
| 264 ## - წარმოების, გამოცემის, დისტრიბუციის და სხვა ცნობები |
| გამოცემის, წარმოების, დისტრიბუციის... ადგილი |
თბილისი : |
| გამოცემის, წარმოების, დისტრიბუციის... სახელწოდება |
სპი, |
| გამოცემის, წარმოების, დისტრიბუციის... თარიღი |
1982. |
| 300 ## - ფიზიკური აღწერა |
| Extent |
48 გვ.; |
| Dimensions |
20 სმ. |
| 504 ## - BIBLIOGRAPHY, ETC. NOTE |
| Bibliography, etc |
ბიბლიოგრ. : გვ.46 გვ. |
| 653 ## - INDEX TERM--UNCONTROLLED |
| Uncontrolled term |
გამოთვლითი ტექნიკა |
| 700 ## - ADDED ENTRY--PERSONAL NAME |
| Personal name |
გოთოშია, მ. |
| Relator term |
შემდგენელი |
| 9 (RLIN) |
1820 |
| 700 ## - ADDED ENTRY--PERSONAL NAME |
| Personal name |
ვერულავა, ი. |
| Relator term |
შემდგენელი |
| 9 (RLIN) |
2649 |
| 700 ## - ADDED ENTRY--PERSONAL NAME |
| Personal name |
გირგვლიანი, გ. |
| Relator term |
შემდგენელი |
| 9 (RLIN) |
2650 |
| 700 ## - ADDED ENTRY--PERSONAL NAME |
| Personal name |
ძიძიგური, მ. |
| Relator term |
რედაქტორი |
| 9 (RLIN) |
472 |
| 942 ## - ADDED ENTRY ELEMENTS (KOHA) |
| Koha item type |
წიგნი |
| Source of classification or shelving scheme |
|